1678 1335 1497 1850 1064 1411 1278 1078 1519 1861 1663 1953 1674 1534 1639 1965 1356 1232 1812 1229 1122 1435 1556 1128 1871 1545 1007 1370 1750 1389 1078 1706 1654 1288 1020 1341 1158 1543 1290 1791 1661 1694 1833 1349 1970 1972 1092 1483 1617 1210 1288 1780 1327 1160 1994 1778 1286 1322 1537 1701 1409 1555 1351 1247 1809 1605 1009 1543 1708 1955 1654 1354 1204 1058 1347 1247 1433 1258 1841 1752 1964 1747 1742 1310 1994 1150 1997 1588 1181 1942 1406 1285 1992 1622 1049 1482 1731 1986 1518 BCNSPRNW ULIB Ver.6.0+V

เปลี่ยนเป็นภาษาไทย

Change to English
 แสดงรายละเอียดบรรณานุกรม
  กลับหน้าหลัก

Brief Record : Get Marc (ISO 2709) : E-mail record : QR code < ปิดหน้าต่าง
LEADER : 00000nam 2200000uu 4500
001    13399124502
003     ULIB
008    020711s2556 th a 000 0 tha d
020    9789749804209
020    9789749804201
090    นว.^bล158บ ล.2
100    ล่อร่า อิงกัลล์ส์ ไวล์เดอร์;^eผู้แต่ง
245    บ้านเล็กในทุ่งกว้าง/^cล่อร่า อิงกัลล์ส์ ไวล์เดอร์ ; เขียน,สุคนธรส ; แปล
250    พิมพ์ครั้งที่10
260    กรุงเทพฯ :^bแพรวเยาวชน,^c2556
300    243 หน้า;^b18.5 ซม.
500    หนังสือชุดบ้านเล็ก
700    สุคนธรส ;^eแปล
945    ^p155^l0^i039773
999    ^aทศพร
รายการนี้ยังไม่มีแท็ก
คุณยังไม่ได้ล็อกอิน คุณสามารถมีกิจกรรมร่วมกับเว็บไซต์ได้ แต่ต้องล็อกอินก่อน ::
  ล็อกอิน

รายการสื่อสารสนเทศ

ลำดับที่ ประเภท เลขเรียก/บาร์โค้ด สถานที่ สถานะ
1. นวนิยาย
นวนิยาย
นว. ล158บ ล.2 ฉ.1 
  Barcode: 039773
ห้องสมุดวิทยาเขตสวรรค์ประชารักษ์
►นวนิยาย
ถูกยืม กำหนดส่งวันที่ 6 มีนาคม 2567
  จอง

BibComment


ยังไม่เคยถูกคอมเมนท์

คอมเมนท์ทรัพยากรรายการนี้
  คอมเมนท์: บ้านเล็กในทุ่งกว้..


 Copyright 2026. Bcnsprnw @Library